000 00737nas a2200229 4500
001 BR7404820
003 BR-BrBNA
005 20231205082732.0
007 ta
008 230509b bl.|||p| |||| 00| 00por d
040 _aBR-BrBNA
_bpor
_cBiblioteca Nacional de Agricultura
041 _a(Pt)
072 _aA50; F00
100 1 _aAzzi, G.M.
245 1 _aO PLANALSUCAR e as prioridades de pesquisa canavieira [Programa Nacional de Melhoramento da Cana-de-Acucar]
650 _aPESQUISA AGRICOLA
650 _aCANA DE ACUCAR
650 _aINSTITUICAO DE PESQUISA
773 0 _tBrasil Acucareiro (Brazil)
_xISSN 0006-9167
_g(Jun 1974), v. 83(6) p. 11-20
_wBR7404820
909 _a202311
_bLúcia
_c55
_dLúcia Elande
942 _2AGRIS
_n0
_cANA
999 _c93927
_d93927